| 000 -ლიდერი |
| ფიქსირებული სიგრძის საკონტროლო ველი |
02117nam a22002657a 4500 |
| 003 - საკონტროლო ნომრის იდენტიფიკატორი |
| საკონტროლო ველი |
Ge_BSU |
| 005 - ბოლო ოპერაციის თარიღი და დრო |
| საკონტროლო ველი |
20220524130932.0 |
| 008 - ფიქსირებული სიგრძის მონაცემთა ელემენტები - ზოგადი ინფორმაცია |
| ფიქსირებული სიგრძის საკონტროლო ველი |
220524s2021 ge ||||| |||| 00| 0 geo d |
| 020 ## - წიგნის საერთაშორისო სტანდარტული ნომერი |
| International Standard Book Number |
9789941493461 |
| 041 ## - ენის კოდი |
| Language code of text/sound track or separate title |
geo |
| 080 ## - უნივერსალური ათობითი კლასიფიკაციის ინდექსი |
| Universal Decimal Classification number |
341(063) გ-32 |
| 245 ## - ცნობა სათაურის შესახებ |
| Title |
გენოციდის დანაშაულისა და ადამიანის უფლებათა დაცვის აქტუალური პრობლემები : |
| Remainder of title |
საერთაშორისო სამეცნიერო კონფერენციის მასალები / |
| Statement of responsibility, etc |
სარედ. კოლეგია : ნოდარ თოფურიძე, ჯემალ გამახარია, ვეფხია გვარამია და სხვ.; თარგმნა ქეთევან ჩიგოგიძემ და ლელა აბდუშელიშვილიმა; სოხუმის სახელმწიფო უნივერსიტეტი. |
| 264 ## - წარმოების, გამოცემის, დისტრიბუციის და სხვა ცნობები |
| გამოცემის, წარმოების, დისტრიბუციის... ადგილი |
თბილისი : |
| გამოცემის, წარმოების, დისტრიბუციის... თარიღი |
2021. |
| 300 ## - ფიზიკური აღწერა |
| Extent |
635 გვ. |
| Other physical details |
24 სმ. |
| 500 ## - ზოგადი შენიშვნა |
| General note |
ტექსტები ინგლ. ენაზე. |
| 653 ## - INDEX TERM--UNCONTROLLED |
| Uncontrolled term |
ადამიანის უფლებათა დაცვის აქტუალური პრობლემები |
| 653 ## - INDEX TERM--UNCONTROLLED |
| Uncontrolled term |
საერთაშორისო სამეცნიერო კონფერენციის მასალები |
| 700 ## - ADDED ENTRY--PERSONAL NAME |
| Personal name |
თოფურიძე, ნოდარ |
| Relator term |
რედაქტორი |
| 9 (RLIN) |
13816 |
| 700 ## - ADDED ENTRY--PERSONAL NAME |
| Personal name |
გამახარია, ჯემალ |
| Relator term |
რედაქტორი |
| 9 (RLIN) |
551 |
| 700 ## - ADDED ENTRY--PERSONAL NAME |
| Personal name |
გვარამია, ვეფხია და სხვ.; |
| Relator term |
რედაქტორი |
| 9 (RLIN) |
13818 |
| 700 ## - ADDED ENTRY--PERSONAL NAME |
| Personal name |
ჩიგოგიძე, ქეთევან |
| Relator term |
მთარგმნელი |
| 9 (RLIN) |
13820 |
| 700 ## - ADDED ENTRY--PERSONAL NAME |
| Personal name |
აბდუშელიშვილი, ლელა |
| Relator term |
მთარგმნელი |
| 9 (RLIN) |
13822 |
| 710 ## - ADDED ENTRY--CORPORATE NAME |
| Corporate name or jurisdiction name as entry element |
სოხუმის სახელმწიფო უნივერსიტეტი |
| 9 (RLIN) |
25 |
| 942 ## - ADDED ENTRY ELEMENTS (KOHA) |
| Source of classification or shelving scheme |
|
| Koha item type |
წიგნი |